000 00656nam a2200241Ia 4500
003 OSt
005 20220918222318.0
006 a|||||r|||| 00| 0
007 ta
008 220917b |||||||| |||| 00| 0 eng d
024 _a216,385
037 _cTextual
040 _aARTS
_cARTS
_beng
041 _2eng
_aeng
082 _aWxL12:g, P1
100 _aRiley Patrick Ed.
_9142758
245 0 _aCambridge companion to Rousseau
260 _aCambridge
_bCambridge university press
_c2001
300 _axii, 453p
_ccm.
650 _aPOLITICAL SCIENCE
942 _hWxL12:g, P1
_cTEXL
_2CC
999 _c275126
_d275126